Latin American quarterly outlook (Record no. 112942)
[ view plain ]
| 000 -LEADER | |
|---|---|
| fixed length control field | 01838cad a22002535a 4500 |
| 001 - CONTROL NUMBER | |
| control field | L154339 |
| 008 - FIXED-LENGTH DATA ELEMENTS--GENERAL INFORMATION | |
| fixed length control field | 111114s2011 xxub f s 000 0 eng d |
| 035 ## - SYSTEM CONTROL NUMBER | |
| System control number | (Sirsi) u154339 |
| 041 0# - LANGUAGE CODE | |
| Language code of text/sound track or separate title | eng |
| 110 2# - MAIN ENTRY--CORPORATE NAME | |
| Corporate name or jurisdiction name as entry element | Pramerica Real Estate Investors |
| 9 (RLIN) | 5594 |
| 245 00 - TITLE STATEMENT | |
| Title | Latin American quarterly outlook |
| Remainder of title | October 2011 |
| Medium | [electronic resource] |
| 260 ## - PUBLICATION, DISTRIBUTION, ETC. | |
| Place of publication, distribution, etc. | Parsipanny, NJ |
| Name of publisher, distributor, etc. | Pramerica Real Estate Investors |
| Date of publication, distribution, etc. | 2011 |
| 490 #0 - SERIES STATEMENT | |
| Series statement | PREI Latin American Quarterly Outlook |
| Volume/sequential designation | October 2011 |
| 520 ## - SUMMARY, ETC. | |
| Summary, etc. | Investors in the region are cautious in the wake of global market volatility leading to the depreciation of local currencies. Commercial real estate transaction volume in Latin America in 1H 2011 was US$5.6bn, nearly triple 1H 2010's US$ 1.9bn and fast approaching the full-year 2010 volume, with Brazil dominating deal flow. Retail sales in Brazil and Chile remain strong with Mexico showing a sustained and gradual improvement for the first time since the global financial crisis. Office demand is robust in Brazil and Chile and the main industrial markets are strong. Lists attractive risk-adjusted investment opportunities. |
| 520 ## - SUMMARY, ETC. | |
| Summary, etc. | PREI Latin American Quarterly Market Perspective up to April 2011 |
| 590 ## - LOCAL NOTE (RLIN) | |
| Local note | KA |
| 650 24 - SUBJECT ADDED ENTRY--TOPICAL TERM | |
| Topical term or geographic name entry element | PREI LATIN AMERICAN QUARTERLY OUTLOOK |
| 651 #4 - SUBJECT ADDED ENTRY--GEOGRAPHIC NAME | |
| Geographic name | Latin America |
| 690 ## - LOCAL SUBJECT ADDED ENTRY--TOPICAL TERM (OCLC, RLIN) | |
| Topical term or geographic name as entry element | PROPERTY-COMMERCIAL PROPERTY-COMMERCIAL PROPERTY MARKET |
| 690 ## - LOCAL SUBJECT ADDED ENTRY--TOPICAL TERM (OCLC, RLIN) | |
| Topical term or geographic name as entry element | PROPERTY-COMMERCIAL PROPERTY-COMMERCIAL PROPERTY FINANCE AND INVESTMENT |
| 856 40 - ELECTRONIC LOCATION AND ACCESS | |
| Uniform Resource Identifier | <a href="https://www.pramericarei.com/pramerica/pdf/realestate/Pra_LatAmQ_Oct_11.pdf">https://www.pramericarei.com/pramerica/pdf/realestate/Pra_LatAmQ_Oct_11.pdf</a> |
| Public note | View the item free of charge (PDF file) at www.pramericarei.com |
| 856 40 - ELECTRONIC LOCATION AND ACCESS | |
| Uniform Resource Identifier | <a href="https://www.pramericarei.com/pramerica/realestate/pra_research_frameset.html">https://www.pramericarei.com/pramerica/realestate/pra_research_frameset.html</a> |
| Public note | View the archive back to July 2008 free of charge after clicking on the research archive link at www.pramericarei.com |
| 942 ## - ADDED ENTRY ELEMENTS (KOHA) | |
| Suppress in OPAC | 0 |
| Withdrawn status | Lost status | Source of classification or shelving scheme | Damaged status | Not for loan | Home library | Current library | Shelving location | Date acquired | Total Checkouts | Full call number | Barcode | Date last seen | Copy number | Price effective from | Koha item type |
|---|---|---|---|---|---|---|---|---|---|---|---|---|---|---|---|
| Dewey Decimal Classification | Virtual | Virtual | Online | 14/11/2011 | ONLINE PUBLICATION | 154339-2001 | 06/08/2019 | 1 | 06/08/2019 | Book |